000 00527nam a2200169Ia 4500
008 100917s9999 xx 000 0 und d
082 _b13284
100 _aश्री दुर्गेश्वरी छा. छा. केशवबुवा
245 _aअेकाक्षरी ऍोक
260 _b---
_c1807
365 _b0
520 _aकविता
630 _aअेकाक्षरी ऍोक
650 _aकविता
730 _aअेकाक्षरी ऍोक
942 _cBOOK
999 _c618678
_d618675